[Event "Match"]
[Site "www.echecsemail.com"]
[Date "2016.10.13"]
[Round "1"]
[White "Stanch3vv"]
[Black "Cal"]
[WhiteElo "1499"]
[BlackElo "1670"]
[Result "1-0"]
[Round "1"]
1.d4 d5
2.Bc1f4 Nb8c6
3.Nb1c3 Ng8f6
4.e3 h6
5.Nc3b5 e5
6.dxe5 Nf6e4
7.e6 fxe6
8.Nb5xc7 Kd7
9.Nc7xa8 b6
10.Na8c7 Bf8d6
11.Nc7b5 a6
12.Nb5xd6 g5
13.Nd6xe4 Ke7
14.Bf4g3 Nc6a5
15.Ne4c3 Kf7
16.Qd1d4 Rh8g8
17.Ng1f3 Na5c4
18.Nf3e5 Nc4xe5
19.Qd4xe5 Qd8e7
20.O-O-O b5
21.e4 dxe4
22.Nc3xe4 Bc8b7
23.Ne4d6 Kg6
24.Bf1d3 Kh5
25.Qe5e2 g4
26.h3 Bb7xg2
27.hxg4 Kg5
28.Rh1h5 Kf6
29.Qe2e5 
1-0

[Event "Match"]
[Site "www.echecsemail.com"]
[Date "2016.10.13"]
[Round "1"]
[White "Irene"]
[Black "Azorau"]
[WhiteElo "2020"]
[BlackElo "1990"]
[Result "1-0"]
[Round "1"]
1.d4 d5
2.Nb1c3 Ng8f6
3.Ng1f3 g6
4.g3 Bc8g4
5.Bf1g2 Bg4xf3
6.Bg2xf3 Bf8g7
7.O-O c6
8.e3 O-O
9.Nc3a4 b6
10.b3 Nb8d7
11.Bc1a3 Rf8e8
12.Na4c3 e5
13.dxe5 Re8xe5
14.Qd1e1 a5
15.Ba3b2 Re5f5
16.Bf3g2 Nd7e5
17.f4 Ne5g4
18.h3 Ng4h6
19.g4 Nh6xg4
20.hxg4 Nf6xg4
21.Bg2h3 h5
22.Qe1g3 Bg7f6
23.Bh3xg4 hxg4
24.Qg3xg4 Rf5h5
25.Kg2 Bf6e5
26.Rf1h1 Rh5f5
27.Nc3a4 Be5xb2
28.Na4xb2 d4
29.e4 Rf5c5
30.Ra1c1 a4
31.b4 Rc5c3
32.Nb2d3 c5
33.Qg4h4 Qd8xh4
34.Rh1xh4 Kg7
35.Kf3 Rc3a3
36.bxc5 bxc5
37.Ke2 Ra8e8
38.e5 f6
39.Rc1b1 Ra3xa2
40.Rb1b7 Kg8
41.Rb7h7 Ra2xc2
42.Kd1 Rc2c3
43.Rh7h8 Kf7
44.Rh4h7 Ke6
45.Rh8xe8 Kf5
46.Rh7f7 Rc3xd3
47.Kc2 Rd3c3
48.Kd2 c4
49.Rf7xf6 Ke4
50.e6 Rc3d3
51.Kc2 Rd3b3
52.e7 d3
53.Kc1 Ke3
54.Re8d8 Rb3c3
55.Kd1 a3
56.e8Q Kf3
57.f5 g5
58.Qe8h5 g4
59.Qh5h1 Kf4
60.Qh1f1 Kg5
61.Rf6g6 Kh4
62.Qf1f2 { resign }
1-0

[Event "Match"]
[Site "www.echecsemail.com"]
[Date "2016.10.13"]
[Round "1"]
[White "Cal"]
[Black "Azorau"]
[WhiteElo "1720"]
[BlackElo "1980"]
[Result "1-0"]
[Round "1"]
1.d4 d5
2.h3 Ng8f6
3.Ng1f3 Nb8c6
4.e3 Bc8f5
5.a3 g6
6.Nb1c3 Bf8g7
7.Bf1d3 Bf5e6
8.b4 a6
9.O-O Qd8d7
10.Rf1e1 Be6xh3
11.g3 Bh3g4
12.Bd3e2 Qd7d6
13.Nf3h4 Bg4xe2
14.Nc3xe2 Nf6e4
15.Ne2f4 Ne4c3
16.Qd1g4 Nc3e4
17.Bc1b2 g5
18.Nh4f5 Qd6f6
19.Nf4xd5 Qf6xf5
20.Nd5xc7 Kd7
21.Qg4xf5 Kxc7
22.Qf5xe4 Ra8e8
23.c3 e6
24.c4 f5
25.Qe4d3 Re8d8
26.b5 Nc6e5
27.Qd3e2 h5
28.dxe5 Bg7f8
29.Bb2d4 g4
30.b6 Kb8
31.c5 h4
32.Kg2 h3
33.Kh2 Rd8d5
34.f3 Kc8
35.Ra1c1 Rh8h7
36.fxg4 Rd5d7
37.gxf5 exf5
38.c6 Rd7f7
39.cxb7 Kxb7
40.Qe2f3 Kb8
41.Qf3d5 Rf7d7
42.Qd5e6 Bf8xa3
43.Rc1c2 Ba3b4
44.Re1b1 Rd7e7
45.Qe6g8 { resign }
1-0

[Event "Match"]
[Site "www.echecsemail.com"]
[Date "2016.10.13"]
[Round "1"]
[White "Pinehill"]
[Black "Stanch3vv"]
[WhiteElo "2050"]
[BlackElo "1499"]
[Result "0-1"]
[Round "1"]
1.e4 e5
2.d4 exd4
3.Bf1c4 d5
4.exd5 Ng8f6
5.Ng1f3 c5
6.O-O Bf8e7
7.c3 O-O
8.cxd4 Nb8d7
9.Nf3g5 Nd7b6
10.d6 Be7xd6
11.Ng5xf7 Rf8xf7
12.Bc4xf7 Kxf7
13.dxc5 Bd6xh2
14.Kxh2 Nf6g4
15.Kg3 Qd8c7
16.Kh4 Qc7h2
{ resign }
0-1

[Event "Match"]
[Site "www.echecsemail.com"]
[Date "2016.10.13"]
[Round "1"]
[White "Coraza"]
[Black "Irene"]
[WhiteElo "1790"]
[BlackElo "2010"]
[Result "0-1"]
[Round "1"]
1.Ng1f3 d5
2.d4 Ng8f6
3.Bc1g5 h6
4.Bg5xf6 exf6
5.g3 Bf8d6
6.Nb1c3 c6
7.Bf1g2 O-O
8.O-O f5
9.a3 f4
10.h3 fxg3
11.e4 gxf2
12.Rf1xf2 Bd6g3
13.Rf2e2 dxe4
14.Nc3xe4 Bg3c7
15.c3 Bc8f5
16.Ne4c5 b6
17.Nc5b3 Bf5e6
18.Qd1d3 Be6xb3
19.c4 Bb3xc4
20.Qd3xc4 b5
21.Qc4d3 Bc7b6
22.Kh1 Nb8d7
23.Nf3d2 Nd7c5
24.Qd3f5 Nc5e6
25.Bg2e4 g6
26.Ra1g1 Qd8xd4
27.Nd2f3 Ne6g5
28.Nf3xd4 gxf5
29.h4 Bb6xd4
30.Rg1g2 fxe4
31.hxg5 Ra8e8
32.gxh6 Kh7
33.Rg2h2 Rf8g8
34.Rh2h4 f5
35.Re2c2 Rg8g1
36.Kh2 Re8g8
37.Rh4h5 Bd4e5
38.Kh3 Rg1h1
{ resign }
0-1

[Event "1/4 Finale"]
[Site "www.chess-mail.com"]
[Date "2016.10.13"]
[Round "1"]
[White "Seger"]
[Black "Buchauer"]
[WhiteElo "2750"]
[BlackElo "2730"]
[Result "1/2-1/2"]
[Round "1"]
1.d4 c6
2.e4 d5
3.Nb1c3 dxe4
4.Bc1f4 Ng8f6
5.Bf1c4 Bc8f5
6.Ng1e2 e6
7.Ne2g3 Bf5g6
8.Qd1e2 Bf8e7
9.O-O b5
10.Bc4b3 a5
11.a4 b4
12.Nc3xe4 Nf6xe4
13.Ng3xe4 Qd8xd4
14.Rf1e1 Qd4xe4
15.Qe2xe4 Bg6xe4
16.Re1xe4 Nb8d7
17.Ra1b1 Nd7c5
18.Re4c4 O-O-O
19.Bf4e3 Rd8d5
20.Be3xc5 Rh8d8
21.c3 Rd5xc5
22.Rc4xc5 Be7xc5
23.Rb1d1 bxc3
24.Rd1xd8 Kxd8
25.bxc3 Bc5a3
26.Kf1 Ba3b2
27.c4 Kc7
28.Bb3d1 Kd6
29.f4 Bb2c1
30.g3 e5
31.fxe5 Kxe5
32.Bd1h5 g6
33.Bh5f3 c5
34.Bf3d5 f5
35.Bd5c6 Kd4
36.Bc6b5 Ke3
37.Kg2 h6
38.h4 Bc1d2
39.Bb5e8 { draw }
1/2-1/2

[Event "1/64 Finale"]
[Site "www.chess-mail.com"]
[Date "2016.10.13"]
[Round "1"]
[White "Julian"]
[Black "Attatroll"]
[WhiteElo "1990"]
[BlackElo "1860"]
[Result "1-0"]
[Round "1"]
1.e4 d6
2.d4 Ng8f6
3.Bf1d3 g6
4.f4 Bc8g4
5.Ng1f3 Bf8g7
6.O-O Nb8c6
7.d5 Nc6b4
8.Nb1c3 Nb4xd3
9.cxd3 O-O
10.Qd1e1 a6
11.Bc1e3 Bg4xf3
12.Rf1xf3 Nf6g4
13.d4 Ng4xe3
14.Qe1xe3 b5
15.e5 dxe5
16.dxe5 e6
17.dxe6 fxe6
18.Ra1d1 Qd8e7
19.Nc3e4 Ra8d8
20.Rd1xd8 Rf8xd8
21.h3 Rd8d1
22.Kh2 Qe7h4
23.g3 Qh4d8
24.Qe3b3 Qd8d7
25.Rf3f2 Rd1d3
26.Qb3c2 Bg7f8
27.Ne4f6 { resign }
1-0

[Event "1/32 Finale"]
[Site "www.chess-mail.com"]
[Date "2016.10.13"]
[Round "1"]
[White "Norlavuaram"]
[Black "Papaours"]
[WhiteElo "2200"]
[BlackElo "2219"]
[Result "0-1"]
[Round "1"]
1.e4 c5
2.Ng1f3 d6
3.d4 cxd4
4.Nf3xd4 Ng8f6
5.Nb1c3 g6
6.Bf1c4 Bf8g7
7.f3 O-O
8.Bc1e3 Nb8c6
9.Qd1d2 Bc8d7
10.O-O-O Ra8c8
11.Bc4b3 Nc6e5
12.h4 Ne5c4
13.Bb3xc4 Rc8xc4
14.g4 h5
15.Be3h6 Nf6xe4
16.Nc3xe4 Rc4xd4
17.Qd2g5 Rd4xd1
18.Rh1xd1 hxg4
19.fxg4 e5
20.Qg5xd8 Bg7xh6
21.Qd8g5 Bh6xg5
22.hxg5 Kg7
23.Ne4xd6 Bd7xg4
24.Rd1e1 Bg4f3
25.Nd6c4 e4
26.Nc4e5 Rf8e8
27.Ne5xf3 exf3
28.Re1f1 Re8e5
29.Rf1xf3 Re5xg5
30.Rf3b3 b6
31.Rb3f3 Rg5d5
32.Rf3a3 a5
33.Ra3b3 Rd5d6
34.c4 f5
35.Kc2 g5
36.Rb3d3 Rd6xd3
37.Kxd3 Kf6
38.b3 Ke5
39.a3 g4
40.b4 axb4
41.axb4 g3
{ resign }
0-1

[Event "1/16 Finale"]
[Site "www.chess-mail.com"]
[Date "2016.10.13"]
[Round "1"]
[White "Paaliaq"]
[Black "Sportuga"]
[WhiteElo "2640"]
[BlackElo "2260"]
[Result "1-0"]
[Round "1"]
1.e4 c6
2.c4 d5
3.d4 dxe4
4.Bc1e3 Ng8f6
5.Nb1c3 Bc8f5
6.Ng1e2 h6
7.Qd1b3 b6
8.O-O-O e6
9.Ne2g3 Bf5g6
10.d5 exd5
11.cxd5 c5
12.Qb3a4 Nb8d7
13.d6 a6
14.Bf1xa6 { resign }
1-0

[Event "Tourn. n8900"]
[Site "www.chess-mail.com"]
[Date "2016.10.14"]
[Round "1"]
[White "Rons"]
[Black "Seger"]
[WhiteElo "2530"]
[BlackElo "2750"]
[Result "1/2-1/2"]
[Round "1"]
1.e4 e6
2.d4 d5
3.Nb1c3 Ng8f6
4.Bc1g5 dxe4
5.Nc3xe4 Bf8e7
6.Bg5xf6 Be7xf6
7.Ng1f3 O-O
8.Qd1d2 b6
9.O-O-O Bc8b7
10.Qd2f4 Nb8d7
11.Bf1d3 c5
12.Nf3e5 Bf6e7
13.Ne5xd7 Qd8xd7
14.dxc5 Qd7c8
15.Ne4d6 Qc8b8
16.Qf4g4 Bb7d5
17.c4 Bd5c6
18.Rh1e1 Be7f6
19.Re1e3 g6
20.Bd3e4 bxc5
21.Re3b3 Qb8c7
22.Be4xc6 Qc7xc6
23.Qg4f3 Qc6xf3
24.Rb3xf3 Kg7
25.Nd6e4 Bf6d4
26.Rd1d2 a6
27.a3 Ra8b8
28.b4 Rf8c8
29.bxc5 e5
30.Rf3h3 h5
31.f4 Rc8c7
32.fxe5 Bd4xe5
33.Rd2d5 Be5f4
34.Kc2 Rc7e7
35.Ne4d2 Rb8e8
36.g3 Bf4h6
37.Rh3h4 Re7e2
38.Kc3 Kg8
39.Rd5d6 Bh6f8
40.a4 a5
41.Rd6d5 Bf8e7
42.Rh4f4 Re2xh2
43.Rf4f3 f5
44.Rf3d3 Be7f6
45.Kc2 Kg7
46.c6 Re8c8
47.Rd5c5 Bf6e7
48.Rc5xa5 Rc8xc6
49.Kc3 Rh2h3
50.Ra5d5 Be7c5
51.a5 Bc5f2
52.Kb4 Rh3xg3
{ draw }
1/2-1/2

[Event "Tourn. n8911"]
[Site "www.chess-mail.com"]
[Date "2016.10.14"]
[Round "1"]
[White "Picifarkinca"]
[Black "Fieldfast"]
[WhiteElo "2000"]
[BlackElo "2009"]
[Result "0-1"]
[Round "1"]
1.Ng1f3 Ng8f6
2.g3 e6
3.Bf1g2 d5
4.O-O Bf8e7
5.b3 O-O
6.Bc1b2 c5
7.d4 Nb8c6
8.Nb1d2 b6
9.c4 cxd4
10.Nf3xd4 Nc6xd4
11.Bb2xd4 Bc8b7
12.f3 Ra8c8
13.cxd5 Nf6xd5
14.e4 Nd5b4
15.Nd2c4 Nb4c2
16.Bd4f2 Nc2xa1
17.Qd1xa1 Be7f6
18.e5 Bf6e7
19.Rf1d1 Qd8c7
20.Nc4d6 Be7xd6
21.exd6 Qc7d7
22.Qa1e5 Rf8d8
23.Bf2d4 f6
24.Qe5e2 Qd7xd6
25.Bg2h3 e5
{ resign }
0-1

[Event "Tourn. n8995"]
[Site "www.chess-mail.com"]
[Date "2016.10.14"]
[Round "1"]
[White "Libiesse"]
[Black "Picifarkinca"]
[WhiteElo "1990"]
[BlackElo "1940"]
[Result "1-0"]
[Round "1"]
1.d4 c6
2.c4 d5
3.cxd5 cxd5
4.Ng1f3 Ng8f6
5.Nb1c3 e6
6.Bc1g5 Bf8e7
7.e3 O-O
8.Bf1d3 Nb8c6
9.O-O h6
10.Bg5h4 Nf6e8
11.Bh4g3 Ne8d6
12.a3 Be7f6
13.Ra1c1 Rf8e8
14.Rf1e1 e5
15.dxe5 Nc6xe5
16.Nc3xd5 Ne5c6
17.Nd5xf6 Qd8xf6
18.Bg3xd6 Bc8f5
19.Bd6g3 { resign }
1-0

[Event "Tourn. n8972"]
[Site "www.chess-mail.com"]
[Date "2016.10.14"]
[Round "1"]
[White "Awfen"]
[Black "Bojan"]
[WhiteElo "2050"]
[BlackElo "1920"]
[Result "0-1"]
[Round "1"]
1.e4 e5
2.Ng1f3 d6
3.Bf1c4 Bf8e7
4.O-O h6
5.d4 Bc8g4
6.dxe5 Nb8c6
7.exd6 Be7xd6
8.c3 Nc6e5
9.Bc4e2 Qd8f6
10.Nb1d2 Ng8e7
11.Nf3xe5 Qf6xe5
12.g3 Bg4h3
13.Rf1e1 O-O
14.Be2f1 Bh3e6
15.Bf1g2 c6
16.Nd2f3 Qe5c5
17.Bc1e3 Qc5h5
18.Qd1xd6 Ne7g6
19.Be3d4 Rf8d8
20.Qd6b4 b6
21.Qb4a4 c5
22.Bd4e3 Be6g4
23.Nf3d2 Ng6e5
24.Qa4c2 Rd8d6
25.Be3f4 Ra8d8
26.f3 Bg4e6
27.Ra1d1 Rd6d3
28.Bf4xe5 Qh5xe5
29.f4 Qe5d6
30.f5 Be6xa2
31.Re1e2 c4
32.e5 Qd6c5
33.Kf1 Ba2b3
34.Nd2xb3 Rd3xd1
35.Re2e1 Rd1xe1
36.Kxe1 Qc5g1
37.Bg2f1 cxb3
38.Qc2e2 Qg1c5
39.Bf1g2 a5
40.c4 Rd8d4
41.Bg2d5 Kf8
42.e6 f6
43.h3 a4
44.Qe2h5 Qc5e7
45.Qh5g6 a3
46.Qg6h7 Ke8
47.Bd5c6 Kd8
48.Qh7g8 Kc7
49.Qg8a8 axb2
50.Qa8b7 Kd6
51.c5 Ke5
52.Qb7b8 Kxf5
53.g4 Kg6
54.Bc6e8 Kg5
55.h4 Kxg4
{ resign }
0-1

[Event "Tourn. n8969"]
[Site "www.chess-mail.com"]
[Date "2016.10.14"]
[Round "1"]
[White "Genius5"]
[Black "Mao"]
[WhiteElo "1620"]
[BlackElo "1650"]
[Result "0-1"]
[Round "1"]
1.Ng1f3 d5
2.d4 Nb8c6
3.Bc1f4 Ng8f6
4.e3 Bc8f5
5.Bf1b5 a6
6.Bb5xc6 bxc6
7.O-O e6
8.Nb1d2 Bf8d6
9.c4 Bd6xf4
10.exf4 Qd8d6
11.Nf3e5 c5
12.cxd5 Nf6xd5
13.dxc5 Qd6xc5
14.Nd2b3 Qc5b6
 { time }
0-1

[Event "Tourn. n8969"]
[Site "www.chess-mail.com"]
[Date "2016.10.14"]
[Round "1"]
[White "Azulmarino"]
[Black "Genius5"]
[WhiteElo "1650"]
[BlackElo "1620"]
[Result "1-0"]
[Round "1"]
1.e4 d6
2.Bf1c4 Ng8f6
3.Nb1c3 e6
4.Ng1f3 Bf8e7
5.h3 O-O
6.d3 a6
7.Bc1e3 c6
8.O-O b5
9.Bc4b3 Bc8b7
10.Be3g5 Nb8d7
11.Qd1d2  { time }
1-0

[Event "Tourn. n8936"]
[Site "www.chess-mail.com"]
[Date "2016.10.14"]
[Round "1"]
[White "Bigrezi"]
[Black "Cal"]
[WhiteElo "1830"]
[BlackElo "1700"]
[Result "1-0"]
[Round "1"]
1.e4 e5
2.Ng1f3 d6
3.d4 exd4
4.Nf3xd4 Ng8f6
5.Nb1c3 c5
6.Nd4f3 a6
7.Bc1g5 Bf8e7
8.Bf1e2 h6
9.Bg5e3 Nb8c6
10.a3 Bc8e6
11.O-O b5
12.Rf1e1 O-O
13.Qd1d2 Qd8c7
14.Ra1d1 Ra8d8
15.Be3f4 b4
16.axb4 cxb4
17.Nc3a2 Nf6xe4
18.Qd2c1 f5
19.Qc1b1 a5
20.b3 Qc7b6
21.Bf4e3 Qb6b7
22.Nf3d4 Nc6e5
23.Nd4xe6 f4
24.Ne6xd8 Be7xd8
25.Be2f3 Ne5xf3
26.gxf3 Ne4g5
27.Be3d4 Qb7xf3
28.Rd1d3 Ng5h3
29.Kf1 Qf3h1
30.Ke2 Rf8e8
31.Kd2 Re8xe1
32.Qb1xe1 Qh1xh2
33.Qe1e6 Kh8
34.Rd3xh3 Qh2g1
35.Rh3xh6 { resign }
1-0

[Event "Tourn. n8939"]
[Site "www.chess-mail.com"]
[Date "2016.10.14"]
[Round "1"]
[White "Amaya"]
[Black "Hundegana"]
[WhiteElo "2080"]
[BlackElo "2020"]
[Result "1-0"]
[Round "1"]
1.d4 c5
2.c3 cxd4
3.cxd4 Qd8c7
4.e3 e6
5.f4 Bf8e7
6.Bf1d3 b6
7.Ng1f3 Bc8b7
8.Nb1d2 a6
9.O-O Nb8c6
10.a3 Ng8f6
11.Nf3e5 Nc6xe5
12.fxe5 Nf6d5
13.Nd2e4 f6
14.exf6 Nd5xf6
15.Ne4xf6 gxf6
16.Bc1d2 Ra8c8
17.Ra1c1 Qc7b8
18.Qd1e2 d6
19.Bd3xa6 Bb7xa6
20.Qe2xa6 Rc8xc1
21.Rf1xc1 Kf7
22.Rc1c6 b5
23.Rc6b6 Qb8e8
24.Rb6xb5 Rh8g8
25.Rb5b7 Kg6
26.Bd2b4 Kh6
27.Bb4xd6 Qe8g6
28.Bd6f4 Kh5
29.g3 Qg6b1
30.Qa6f1 Qb1xf1
31.Kxf1 Rg8g7
32.Bf4d6 Be7xd6
33.Rb7xg7 Kh6
34.Rg7b7 Kg6
35.a4 h5
36.a5 Kf5
37.a6 Ke4
38.Ke2 h4
39.a7 hxg3
40.hxg3 Bd6xg3
41.a8Q Kf5
42.Rb7b5 e5
43.Qa8f3 Ke6
44.d5 Ke7
45.Qf3xg3 Kd6
46.Qg3g8 f5
47.Qg8e6 Kc7
48.Qe6c6 Kd8
49.Rb5b7 { resign }
1-0

[Event "Tourn. n8921"]
[Site "www.chess-mail.com"]
[Date "2016.10.14"]
[Round "1"]
[White "Conde7"]
[Black "Krystek23"]
[WhiteElo "2870"]
[BlackElo "2320"]
[Result "1-0"]
[Round "1"]
1.e4 c5
2.Ng1f3 Nb8c6
3.Bf1b5 Qd8c7
4.O-O Ng8f6
5.Rf1e1 e6
6.e5 Nf6d5
7.Bb5xc6 bxc6
8.c4 Nd5b6
9.b3 d5
10.exd6 Bf8xd6
11.Nb1c3 f5
12.d4 O-O
13.Qd1d3 cxd4
14.Qd3xd4 Rf8d8
15.Qd4e3 Qc7e7
16.Nf3e5 Qe7c7
17.c5 Bd6xe5
18.cxb6 Be5xh2
19.Kh1 axb6
20.f4 Bh2xf4
21.Qe3xf4 Qc7f7
22.Nc3a4 Ra8a6
23.Bc1b2 h6
24.Kg1 Kh7
25.Ra1d1 Qf7e7
26.Qf4e5 Rd8e8
27.a3 Ra6a5
28.Qe5e3 b5
29.Na4b6 Qe7a7
30.Nb6xc8 Qa7xe3
31.Re1xe3 Re8xc8
32.Rd1d7 Rc8g8
33.Re3g3 f4
34.Rd7xg7 Rg8xg7
35.Rg3xg7 Kh8
36.Rg7a7 { resign }
1-0

[Event "Match"]
[Site "www.echecsemail.com"]
[Date "2016.10.14"]
[Round "1"]
[White "Hundegana"]
[Black "Genius5"]
[WhiteElo "2040"]
[BlackElo "1620"]
[Result "1-0"]
[Round "1"]
1.f4 e5
2.fxe5 d6
3.exd6 Bf8xd6
4.Ng1f3 Ng8f6
5.d4 O-O
6.g3 Rf8e8
7.Bf1g2 c6
8.c4 Bd6c7
9.O-O Nf6e4
10.Qd1c2 f5
11.Nb1c3  { time }
1-0

[Event "Match"]
[Site "www.echecsemail.com"]
[Date "2016.10.14"]
[Round "1"]
[White "Mitja"]
[Black "Bojan"]
[WhiteElo "1960"]
[BlackElo "1910"]
[Result "0-1"]
[Round "1"]
1.d4 d5
2.e3 a6
3.h3 Nb8c6
4.c3 Qd8d6
5.Ng1f3 Ng8h6
6.Nb1d2 e5
7.Nf3xe5 Nc6xe5
8.dxe5 Qd6xe5
9.Nd2f3 Qe5h5
10.Qd1d4 Bc8e6
11.Bf1e2 Nh6f5
12.Qd4a4 Be6d7
13.Qa4b3 Bd7c6
14.Nf3e5 Qh5g5
15.O-O Nf5h4
16.g3 Qg5xe5
17.gxh4 Qe5e4
18.Qb3d1 Qe4xh4
19.Kh2 Bf8d6
20.f4 g5
21.Qd1e1 Qh4h6
22.Be2g4 Rh8g8
23.Rf1f3 gxf4
24.exf4 Kd8
25.Qe1f2 Rg8xg4
26.Rf3g3 Rg4g6
27.Rg3xg6 hxg6
28.Qf2d4 Kd7
29.Qd4f6 Ra8h8
30.Qf6d4 Qh6xh3
31.Kg1 Qh3g3
32.Kf1 Rh8h1
33.Ke2 Qg3g2
34.Qd4f2 Bc6b5
{ resign }
0-1

[Event "Match"]
[Site "www.echecsemail.com"]
[Date "2016.10.14"]
[Round "1"]
[White "Gambitmiau"]
[Black "Genius5"]
[WhiteElo "1860"]
[BlackElo "1620"]
[Result "1-0"]
[Round "1"]
1.e4 c5
2.Bf1c4 e6
3.Ng1f3 Nb8c6
4.c3 d5
5.exd5 exd5
6.Bc4b5 Bc8d7
7.O-O Bf8e7
8.Bb5xc6 Bd7xc6
9.Nf3e5  { time }
1-0

[Event "Match"]
[Site "www.echecsemail.com"]
[Date "2016.10.14"]
[Round "1"]
[White "Ranjachess"]
[Black "Rindrandria"]
[WhiteElo "1770"]
[BlackElo "1650"]
[Result "1-0"]
[Round "1"]
1.d4 c5
2.Bc1f4 e6
3.Bf4xb8 Ra8xb8
4.d5 e5
5.e4 d6
6.Ng1f3 Qd8b6
7.b3 Qb6b4
8.Nb1d2 b5
9.Bf1d3 Bc8a6
10.O-O c4
11.Bd3e2 c3
12.a3 Qb4a5
13.b4 Qa5c7
14.Nd2b3 Ng8f6
15.Qd1d3 Nf6h5
16.g3 Bf8e7
17.Nb3a5 g6
18.Na5c6 Rb8b6
19.Rf1c1 Qc7d7
20.Qd3xc3 Qd7c8
21.a4 bxa4
22.b5 Ba6xb5
23.Be2xb5 Rb6xb5
24.Ra1xa4 Rb5c5
25.Ra4c4 Qc8c7
26.Rc1a1 Be7f6
27.Ra1xa7 Qc7c8
28.Qc3a3 O-O
29.Nf3xe5 Bf6xe5
30.Nc6e7 Kg7
31.Ne7xc8 Rc5xc4
32.Nc8xd6 Rc4xc2
33.Nd6b7 Be5b8
34.Ra7a6 Bb8e5
35.d6 Rc2b2
36.Qa3a5 Rb2xb7
37.Qa5xe5 f6
38.Qe5e6 Kh6
39.Ra6c6 f5
40.d7 Nh5g7
41.Qe6e7 Rf8a8
42.h4 fxe4
43.Qe7g5 
1-0

[Event "Match"]
[Site "www.echecsemail.com"]
[Date "2016.10.14"]
[Round "1"]
[White "Nulladies"]
[Black "Roohbakhsh"]
[WhiteElo "1750"]
[BlackElo "1499"]
[Result "0-1"]
[Round "1"]
1.d4 Ng8f6
2.Bc1f4 g6
3.Ng1f3 d5
4.e3 Bf8g7
5.Nb1d2 O-O
6.c4 c6
7.cxd5 cxd5
8.Bf1e2 Qd8b6
9.Nd2b3 Nb8c6
10.Nf3e5 Nf6d7
11.Ra1c1 Nd7xe5
12.dxe5 e6
13.h4 Nc6xe5
14.Bf4xe5 Bg7xe5
15.Rc1c2 Bc8d7
16.O-O Bd7a4
17.f4 Be5g7
18.Qd1d3 Rf8c8
19.Rc2xc8 Ra8xc8
20.Rf1c1 Rc8xc1
21.Nb3xc1 Qb6xb2
22.Nc1b3 Ba4xb3
23.axb3 Qb2c3
24.Qd3b5 b6
25.Qb5e8 Bg7f8
26.Qe8b5 Qc3xe3
{ resign }
0-1

[Event "Match"]
[Site "www.echecsemail.com"]
[Date "2016.10.14"]
[Round "1"]
[White "Hundegana"]
[Black "Ericleo1980"]
[WhiteElo "2020"]
[BlackElo "2130"]
[Result "0-1"]
[Round "1"]
1.f4 d5
2.Ng1f3 Ng8f6
3.d3 c6
4.Bc1e3 Bc8g4
5.Nf3e5 Bg4h5
6.g3 Nb8d7
7.Nb1c3 e6
8.a3 Bf8d6
9.Ne5xd7 Qd8xd7
10.Bf1g2 O-O
11.Qd1d2 Nf6g4
12.h3 Ng4xe3
13.Qd2xe3 c5
14.d4 Rf8c8
15.O-O cxd4
16.Qe3d3 dxc3
17.bxc3 Bh5g6
18.Qd3d2 Rc8c4
19.Rf1b1 b6
20.Kh1 Qd7c7
21.Rb1b3 Ra8c8
22.e3 Rc4xc3
23.Rb3xc3 Qc7xc3
24.Qd2xc3 Rc8xc3
25.a4 Rc3xe3
26.Kh2 Re3c3
27.a5 h5
28.axb6 axb6
29.Ra1a6 Bd6c5
30.Ra6a8 Kh7
31.Ra8c8 Rc3xc2
32.g4 Bc5g1
33.Kxg1 Rc2xc8
34.Bg2f3 hxg4
35.hxg4 Bg6e4
36.Bf3e2 Rc8c2
37.Be2b5 Rc2g2
38.Kf1 Rg2xg4
39.Bb5e8 Rg4xf4
40.Ke2 Rf4f3
41.Kd2 g5
42.Ke2 g4
43.Be8xf7 Rf3xf7
44.Ke3 g3
45.Kd4 Rf7f5
46.Ke3 g2
47.Ke2 g1Q
48.Kd2 Qg1d4
49.Ke2 Rf5f2
50.Ke1 Qd4d2
{ resign }
0-1

[Event "Match"]
[Site "www.echecsemail.com"]
[Date "2016.10.14"]
[Round "1"]
[White "Guidom"]
[Black "Genius2"]
[WhiteElo "2110"]
[BlackElo "1720"]
[Result "1-0"]
[Round "1"]
1.e4 e6
2.Ng1f3 d5
3.exd5 exd5
4.d4 Ng8f6
5.Bc1g5 c6
6.Bf1e2 Bf8e7
7.O-O O-O
8.c3 Rf8e8
9.Qd1c2 h6
10.Bg5h4 Nf6e4
11.Bh4xe7 Qd8xe7
12.Be2d3 Bc8g4
13.Nb1d2  { time }
1-0

[Event "Match"]
[Site "www.echecsemail.com"]
[Date "2016.10.14"]
[Round "1"]
[White "Ericleo1980"]
[Black "Jhzes"]
[WhiteElo "2190"]
[BlackElo "1920"]
[Result "1-0"]
[Round "1"]
1.e4 e5
2.Ng1f3 f5
3.Nf3xe5 d6
4.Qd1h5 g6
5.Ne5xg6 Ng8f6
6.Qh5h4 Rh8g8
7.Ng6xf8 Rg8xf8
8.Nb1c3 fxe4
9.Bf1e2 Bc8e6
10.Be2h5 Kd7
11.Nc3xe4 Nf6xh5
12.Qh4xh5 Qd8e7
13.O-O Rf8f5
14.Qh5h6 Nb8c6
15.c3 Ra8g8
16.Ne4g3 Rf5g5
17.d4 Rg5g6
18.Qh6h5 Be6c4
19.Rf1d1 Bc4f7
20.Qh5b5  { time }
1-0

[Event "Match"]
[Site "www.echecsemail.com"]
[Date "2016.10.14"]
[Round "1"]
[White "Mrmoto"]
[Black "Manuelito"]
[WhiteElo "1650"]
[BlackElo "1599"]
[Result "1-0"]
[Round "1"]
1.e4 e5
2.Ng1f3 d6
3.Bf1c4 h6
4.O-O Nb8c6
5.Nb1c3 Bc8e6
6.Bc4xe6 fxe6
7.a3 Ng8f6
8.h3 Qd8d7
9.Rf1e1 O-O-O
10.d3 d5
11.Nf3d2 a6
12.Nc3e2 d4
13.c3 Bf8c5
14.b4 Bc5a7
15.c4 b5
16.c5 g5
17.Ne2g3 Rh8f8
18.a4 Nc6xb4
19.Nd2f3 bxa4
20.Nf3xe5 Qd7b5
21.Qd1xa4 Qb5xc5
22.Ne5c6 Qc5xc6
23.Qa4xb4 Ba7c5
24.Qb4b2 e5
25.Ng3f5 Kd7
26.Qb2a2 Rd8a8
27.Nf5xh6 Qc6e6
28.Qa2a4 Qe6c6
29.Qa4a2 Bc5b4
30.Re1e2 a5
31.Bc1xg5 Bb4c3
32.Ra1c1 Rf8g8
33.Qa2f7 Kc8
34.Bg5xf6 Kb7
35.Nh6xg8 a4
36.Rc1b1 Ka6
37.Ng8e7 a3
38.Ne7xc6 { resign }
1-0

[Event "Match"]
[Site "www.echecsemail.com"]
[Date "2016.10.14"]
[Round "1"]
[White "Raulazo"]
[Black "Billyg"]
[WhiteElo "1920"]
[BlackElo "1640"]
[Result "0-1"]
[Round "1"]
1.e4 e5
2.Bf1c4 Ng8f6
3.Nb1c3 c6
4.Ng1f3 b5
5.Bc4xf7 Kxf7
6.Nf3g5 Ke8
7.Nc3e2 h6
8.Ng5f3 Bf8d6
9.O-O Nf6xe4
10.d3 Ne4f6
11.Rf1e1 Kf7
12.c3 Rh8e8
13.Qd1b3 Kf8
14.Nf3h4 Nf6d5
15.g3 Re8e6
16.c4 bxc4
17.Qb3xc4 Bc8a6
18.Qc4c2 Qd8b6
19.Bc1e3 Nd5xe3
20.fxe3 Qb6xe3
21.Kh1 Qe3g5
22.Nh4f3 Qg5g6
23.Re1f1 Kg8
24.Nf3e1 Ba6b5
25.a4 Bb5a6
26.Rf1f3 Ba6b7
27.a5 e4
28.dxe4 c5
29.Qc2c4 Bb7a6
30.Qc4c2 Re6xe4
31.Qc2b3 c4
32.Qb3c2 Nb8c6
33.Ne2c3 Re4xe1
34.Ra1xe1 Qg6xc2
35.Nc3e4 Bd6b4
36.Rf3f2 Qc2d3
37.Re1e2 Nc6d4
38.Rf2f4 Qd3xe2
{ resign }
0-1

[Event "Match"]
[Site "www.echecsemail.com"]
[Date "2016.10.14"]
[Round "1"]
[White "Wagner"]
[Black "Gilliere"]
[WhiteElo "1800"]
[BlackElo "2050"]
[Result "1/2-1/2"]
[Round "1"]
1.Ng1f3 c5
2.e4 Nb8c6
3.Bf1c4 d6
4.h3 h6
5.Nf3h4 Ng8f6
6.Qd1f3 Nc6d4
7.Qf3d3 e5
8.c3 Nd4c6
9.b3 a6
10.Qd3f3 Nc6a5
11.Nb1a3 Na5xc4
12.Na3xc4 Bf8e7
13.g4 Nf6d7
14.Nh4f5 Nd7f6
15.Nf5xg7 Kf8
16.Ng7h5 Nf6xh5
17.gxh5 b5
18.Nc4e3 Bc8b7
19.Ne3f5 Be7g5
20.Rh1g1 f6
21.Qf3d3 c4
22.bxc4 bxc4
23.Qd3xc4 Ra8c8
24.Qc4a4 Rc8c6
25.Qa4b3 Rc6b6
26.Qb3e6 Bb7c8
27.Qe6c4 Bc8xf5
28.exf5 d5
29.Bc1a3 Kf7
30.Qc4c5 Rh8e8
31.Ba3b4 d4
32.c4 Qd8b8
33.Qc5d5 Kg7
34.Qd5d7 Kg8
35.a3 Re8d8
36.Qd7a4 Rd8e8
37.h4 Qb8c8
38.c5 Rb6c6
39.Ra1c1 Kf7
40.hxg5 fxg5
41.Qa4c2 Kf6
42.Qc2e4 Rc6c7
43.c6 Qc8xf5
44.Qe4d5 d3
45.Qd5d6 Re8e6
46.Qd6xc7 Qf5e4
47.Kf1 Qe4e2
48.Kg2 Qe2g4
49.Kf1 Qg4e2
50.Kg2 { draw }
1/2-1/2

[Event "Match"]
[Site "www.echecsemail.com"]
[Date "2016.10.14"]
[Round "1"]
[White "Genius2"]
[Black "Frisker"]
[WhiteElo "1720"]
[BlackElo "2320"]
[Result "0-1"]
[Round "1"]
1.g4 d5
2.Bf1g2 c6
3.h3 e5
4.e3 Bf8d6
5.Ng1e2 h5
6.Ne2g3 hxg4
7.hxg4 Rh8xh1
8.Bg2xh1 Qd8h4
9.Qd1f3 Bc8xg4
 { time }
0-1

[Event "Match"]
[Site "www.echecsemail.com"]
[Date "2016.10.14"]
[Round "1"]
[White "Cal"]
[Black "Genius2"]
[WhiteElo "1670"]
[BlackElo "1720"]
[Result "1-0"]
[Round "1"]
1.d4 Ng8f6
2.Nb1c3 d5
3.h3 e6
4.a3 c5
5.dxc5 Bf8xc5
6.e3 a6
7.Bf1d3 Nb8c6
8.Ng1f3  { time }
1-0

[Event "Match"]
[Site "www.echecsemail.com"]
[Date "2016.10.14"]
[Round "1"]
[White "Fangshuo"]
[Black "Genius2"]
[WhiteElo "2110"]
[BlackElo "1720"]
[Result "1-0"]
[Round "1"]
1.e4 e5
2.Ng1f3 Ng8f6
3.Nf3xe5 d6
4.Ne5f3 Nf6xe4
5.Qd1e2 Qd8e7
6.d3 Ne4f6
7.Nb1c3 Qe7xe2
8.Bf1xe2 Bf8e7
9.Bc1g5 O-O
10.Bg5xf6 Be7xf6
11.Nc3d5 Bf6d8
12.O-O-O c6
13.Nd5e3  { time }
1-0

[Event "Match"]
[Site "www.echecsemail.com"]
[Date "2016.10.14"]
[Round "1"]
[White "Genius2"]
[Black "Gimmyg"]
[WhiteElo "1720"]
[BlackElo "2480"]
[Result "0-1"]
[Round "1"]
1.f4 d5
2.b3 Bc8f5
3.Bc1b2 c5
4.Ng1f3 Nb8c6
5.e3 Ng8f6
6.Bf1b5 h5
7.O-O e6
8.Nf3e5 Ra8c8
9.Bb5xc6 bxc6
 { time }
0-1

[Event "Match"]
[Site "www.echecsemail.com"]
[Date "2016.10.14"]
[Round "1"]
[White "Krystek23"]
[Black "Genius2"]
[WhiteElo "2330"]
[BlackElo "1720"]
[Result "1-0"]
[Round "1"]
1.c4 f5
2.Nb1c3 Ng8f6
3.d3 e6
4.g3 Bf8b4
5.Qd1b3 Nb8c6
6.Bf1g2 Bb4xc3
7.Qb3xc3 O-O
8.b4 Nc6e7
9.Bc1g5 Ne7g6
10.a4  { time }
1-0